[Event "Kvika Reykjavik Open 2022"]
[Site "Reykjavik ISL"]
[Date "2022.04.10"]
[Round "7.62"]
[White "Skarphedinsson, Ingvar Wu"]
[Black "Moerman, Thomas"]
[Result "1/2-1/2"]
[WhiteElo "1673"]
[BlackElo "2022"]
[WhiteFideId "2316943"]
[BlackFideId "235644"]
[EventDate "2022.04.06"]

1. d4 Nf6 2. c4 e6 3. g3 c5 4. d5 exd5 5. cxd5 b5 6. Bg2 d6 7. e4 Nbd7 8. f4 Bb7
9. Nd2 g6 10. b3 Bg7 11. Bb2 O-O 12. Qc2 Re8 13. Ne2 Qe7 14. Bf3 a5 15. O-O a4
16. Rad1 axb3 17. axb3 Nb6 18. Rfe1 Rec8 19. Nc3 b4 20. Ne2 Ba6 21. Nc4 Nxc4 22.
bxc4 Nd7 23. Bxg7 Kxg7 24. Nc1 Nb6 25. Be2 Re8 26. Bd3 f6 27. Nb3 Qd7 28. e5 Na4
29. exd6 Qxd6 30. Qf2 Nb6 31. Qxc5 Qxc5+ 32. Nxc5 Rxe1+ 33. Rxe1 Bxc4 34. Bxc4
Nxc4 35. Rc1 Nd6 36. Rb1 Ra5 37. Ne6+ Kf7 38. Rxb4 Rxd5 39. Nd4 g5 1/2-1/2

[Event "Kvika Reykjavik Open 2022"]
[Site "Reykjavik ISL"]
[Date "2022.04.10"]
[Round "7.64"]
[White "Olesen, Poul Erik Norgaard"]
[Black "Kumar, Sanjit S"]
[Result "1-0"]
[WhiteElo "2010"]
[BlackElo "1792"]
[WhiteFideId "1404253"]
[BlackFideId "468142"]
[EventDate "2022.04.06"]

1. e4 e6 2. d4 d5 3. Nc3 Bb4 4. Bd2 dxe4 5. Qg4 Nf6 6. Qxg7 Rg8 7. Qh6 Qxd4 8.
Nge2 Qd8 9. Bg5 Rg6 10. Qh4 Nc6 11. Nf4 Qd4 12. Ne2 Bxc3+ 13. Nxc3 Nb4 14. Bb5+
c6 15. Ba4 Bd7 16. Rd1 Qe5 17. Bxf6 Qxf6 18. Qxf6 Rxf6 19. Nxe4 Rg6 20. a3 Nd5
21. c4 Nb6 22. Bc2 Rxg2 23. Ng3 Nxc4 24. Be4 Rxg3 25. hxg3 Nxb2 26. Rb1 Nc4 27.
a4 O-O-O 28. Rxh7 Nd6 29. Bc2 e5 30. Rd1 Be6 31. f4 exf4 32. gxf4 Kc7 33. f5
Nxf5 34. Bxf5 Rxd1+ 35. Kxd1 Bxf5 36. Rxf7+ Bd7 37. Kd2 Kd6 38. Kc3 b6 39. Rh7
a6 40. Rh6+ Be6 41. a5 b5 42. Rh8 Kc5 43. Rb8 Bc4 44. Rb6 Be2 45. Kb3 Bc4+ 46.
Kc3 Kd6 47. Rxa6 Kc5 48. Rb6 b4+ 49. Rxb4 Bb5 50. Rf4 Kd5 51. Rf5+ Kd6 52. Kb4
Kc7 53. Rf7+ Kd6 54. Ra7 Be2 55. a6 c5+ 56. Ka5 c4 57. Rf7 c3 58. a7 c2 59. a8=Q
c1=Q 60. Qd8+ Ke5 61. Re7+ Kf4 62. Qd4+ Kf3 63. Qe4+ 1-0

[Event "Kvika Reykjavik Open 2022"]
[Site "Reykjavik ISL"]
[Date "2022.04.10"]
[Round "7.65"]
[White "Rice, Chris B"]
[Black "Hauksdottir, Hrund"]
[Result "1/2-1/2"]
[WhiteElo "1989"]
[BlackElo "1746"]
[WhiteFideId "404446"]
[BlackFideId "2302608"]
[EventDate "2022.04.06"]

1. b3 e5 2. Bb2 Nc6 3. e3 Bc5 4. Bb5 Nge7 5. Nf3 e4 6. Ng5 d5 7. Qh5 g6 8. Qe2
O-O 9. h4 Nb4 10. Qd1 Nf5 11. g3 Be7 12. Nh3 Bf6 13. Nc3 Nc6 14. Nf4 Be6 15.
Bxc6 bxc6 16. h5 Qe7 17. hxg6 fxg6 18. Nxe6 Qxe6 19. Qg4 Rad8 20. Qh3 Rf7 21.
O-O-O a5 22. Na4 Bxb2+ 23. Kxb2 Qe5+ 24. Kb1 Qe7 25. Rh2 Rb8 26. Rdh1 Qb4 27.
Qg4 Qe7 28. Qe2 Nd6 29. Qa6 Nc4 30. Kc1 Qb4 31. Nc3 Qa3+ 32. Kd1 Ne5 33. Qa7 Qf8
34. Rg2 Ng4 35. Rf1 Rd8 36. Ke1 Qa3 37. Ne2 Qxa2 38. Nd4 Ne5 39. Qc5 Nf3+ 40.
Ke2 Nxd4+ 41. exd4 a4 42. bxa4 Qxa4 43. f4 exf3+ 44. Rxf3 Qb5+ 45. Qxb5 cxb5 46.
Re3 Rdf8 47. Rg1 Rf2+ 48. Kd3 Kg7 49. Kc3 b4+ 50. Kxb4 Rxd2 51. Re7+ Rf7 52.
Rxf7+ Kxf7 53. Kc5 Rxc2+ 54. Kxd5 Rc3 55. g4 Kf6 56. Rh1 c6+ 57. Ke4 Kg5 58.
Rxh7 Kxg4 59. Rh1 g5 60. Rg1+ Kh4 61. Rh1+ Kg4 62. Rg1+ Kh5 63. Rh1+ Kg6 64. Rg1
c5 65. dxc5 Rxc5 66. Kf3 Kf5 67. Ra1 Rc3+ 68. Kg2 Kg4 69. Ra2 Kh4 70. Rb2 g4 71.
Ra2 Rg3+ 72. Kh2 Rb3 73. Kg2 g3 74. Ra4+ Kg5 75. Ra8 Kf4 1/2-1/2

[Event "Kvika Reykjavik Open 2022"]
[Site "Reykjavik ISL"]
[Date "2022.04.10"]
[Round "7.66"]
[White "Thorsteinsdottir, Hallgerdur"]
[Black "Helgadottir, Idunn"]
[Result "1-0"]
[WhiteTitle "WFM"]
[WhiteElo "1981"]
[BlackElo "1540"]
[WhiteFideId "2302454"]
[BlackFideId "2314118"]
[EventDate "2022.04.06"]

1. e4 c5 2. Nf3 e6 3. g3 Nc6 4. Bg2 Nf6 5. Qe2 d5 6. exd5 Nxd5 7. O-O Be7 8. Rd1
O-O 9. d4 Qb6 10. c4 Nf6 11. d5 Nd4 12. Nxd4 cxd4 13. b3 Re8 14. Qd2 exd5 15.
cxd5 Bb4 16. Qd3 g6 17. Bb2 Bc5 18. Nd2 Bf5 19. Nc4 Qc7 20. Qf1 Bg4 21. Rd2 Rad8
22. Bxd4 Bxd4 23. Rxd4 Qc5 24. Qd3 b5 25. Ne3 Be6 26. Rd1 Bg4 27. Nxg4 1-0

[Event "Kvika Reykjavik Open 2022"]
[Site "Reykjavik ISL"]
[Date "2022.04.10"]
[Round "7.70"]
[White "Thorhallsson, Simon"]
[Black "Klasinc, Kristjan"]
[Result "1-0"]
[WhiteTitle "FM"]
[WhiteElo "2252"]
[BlackElo "1779"]
[WhiteFideId "2310090"]
[BlackFideId "12966460"]
[EventDate "2022.04.06"]

1. e4 d6 2. d4 Nf6 3. Nc3 e5 4. Nf3 exd4 5. Nxd4 Be7 6. Be2 O-O 7. O-O c6 8. a4
a5 9. Re1 Re8 10. h3 Bf8 11. Bf1 Nbd7 12. b3 Nc5 13. Qf3 Nfd7 14. Bb2 Ne5 15.
Qg3 Ng6 16. Rad1 Qh4 17. Qxh4 Nxh4 18. g3 Ng6 19. Bg2 Bd7 20. f4 f6 21. Kh2 Rad8
22. Bf3 Ne7 23. Be2 Kh8 24. Bc4 Nc8 25. Bf1 Ne6 26. Nf3 Nc7 27. g4 Nb6 28. Nb1
Na6 29. Kg3 Bc8 30. Bc3 Nd7 31. Bxa5 b6 32. Bc3 Nac5 33. Nbd2 Bb7 34. Bg2 Ba6
35. Nd4 Rc8 36. Ba1 d5 37. exd5 cxd5 38. Bxd5 Bb7 39. Bxb7 Nxb7 40. Rxe8 Rxe8
41. N2f3 Ndc5 42. Re1 Rc8 43. Nb5 Na6 44. Re2 Kg8 45. Bd4 Bc5 46. Bxc5 Nbxc5 47.
Nfd4 Kf8 48. Kf3 Nb4 49. Nd6 Rd8 50. N4b5 Nc6 51. Nc4 1-0

[Event "Kvika Reykjavik Open 2022"]
[Site "Reykjavik ISL"]
[Date "2022.04.10"]
[Round "7.71"]
[White "Smith, Lynda"]
[Black "Louis, Thibault"]
[Result "0-1"]
[WhiteTitle "WCM"]
[BlackTitle "FM"]
[WhiteElo "1772"]
[BlackElo "2181"]
[WhiteFideId "1800191"]
[BlackFideId "681369"]
[EventDate "2022.04.06"]

1. f4 Nf6 2. Nf3 c5 3. g3 b6 4. Bg2 Bb7 5. d3 d5 6. Ne5 e6 7. Nd2 Bd6 8. Ndf3
O-O 9. O-O Ne8 10. e3 f6 11. Ng4 Nc6 12. Nf2 Qc7 13. e4 dxe4 14. Nxe4 Rd8 15. b3
Be7 16. Bb2 Nd6 17. Nfd2 Nf5 18. Re1 Nfd4 19. Nf3 Nxf3+ 20. Bxf3 Nd4 21. Bg2 Kh8
22. c3 Nc6 23. Qe2 Qd7 24. Nf2 e5 25. fxe5 Nxe5 26. d4 cxd4 27. cxd4 Bxg2 28.
Kxg2 Ng6 29. Rac1 Bb4 30. Red1 f5 31. d5 f4 32. Qe6 fxg3 33. Qxd7 Nf4+ 34. Kxg3
Rxd7 35. Rc2 Nxd5 36. Rdc1 Bd6+ 37. Kh3 Nf4+ 38. Kh4 Be7+ 39. Kg3 Bd6 40. Rc8
Ne2+ 0-1

[Event "Kvika Reykjavik Open 2022"]
[Site "Reykjavik ISL"]
[Date "2022.04.10"]
[Round "7.72"]
[White "Kracht, Raphael"]
[Black "Ostensson, Julia"]
[Result "1-0"]
[WhiteElo "2101"]
[BlackElo "1731"]
[WhiteFideId "16214382"]
[BlackFideId "1747703"]
[EventDate "2022.04.06"]

1. e4 c5 2. d4 cxd4 3. c3 dxc3 4. Nxc3 Nc6 5. Nf3 g6 6. Bc4 a6 7. O-O Bg7 8. e5
h5 9. Bg5 b5 10. Bb3 Nh6 11. Ne4 O-O 12. h3 Kh7 13. Nd6 1-0

[Event "Kvika Reykjavik Open 2022"]
[Site "Reykjavik ISL"]
[Date "2022.04.10"]
[Round "7.73"]
[White "Marzik, Hans"]
[Black "De Winter, Eric"]
[Result "1-0"]
[WhiteElo "2050"]
[BlackElo "1722"]
[WhiteFideId "16254686"]
[BlackFideId "1033069"]
[EventDate "2022.04.06"]

1. d4 f5 2. g3 Nf6 3. Bg2 g6 4. Nf3 Bg7 5. O-O O-O 6. b3 d6 7. Bb2 Nbd7 8. Nbd2
Qe8 9. Nc4 Rb8 10. d5 a5 11. Nxa5 e5 12. dxe6 Nc5 13. Nc4 Bxe6 14. Ne3 h6 15. c4
Qf7 16. Nd4 Bd7 17. Nd5 c6 18. Nc3 Rbd8 19. Qc2 Ng4 20. Rad1 Bc8 21. e3 Rfe8 22.
b4 Ne6 23. Nce2 Nxd4 24. Bxd4 Be6 25. Bxg7 Kxg7 26. Rd4 Ne5 27. Rc1 d5 28. cxd5
Bxd5 29. Rcd1 Bxg2 30. Kxg2 Ra8 31. R1d2 Re7 32. Ng1 b5 33. Nf3 Nc4 34. Re2 Ra3
35. Nd2 Ne5 36. Nb1 Ra4 37. Nc3 Ra3 38. Nb1 Ra4 39. Qb2 Kh7 40. Rd8 Qg7 41. Qd4
Nc4 42. Qc5 Qf6 43. a3 Raa7 44. Nd2 Nxa3 45. Nf3 Nc4 46. Nd4 Rac7 47. Ra2 Qe5
48. Qxe5 Nxe5 49. Raa8 Nf7 50. Rg8 Ra7 51. Nxc6 Rxa8 52. Rxa8 Rc7 53. Nd4 Rc4
54. Ra7 Kg7 55. Ra6 Kh7 56. Nxb5 Rxb4 57. Nd4 Rb2 58. h4 Ne5 59. h5 Ng4 60.
hxg6+ Kg7 61. Nxf5+ Kg8 62. Ra8+ 1-0

[Event "Kvika Reykjavik Open 2022"]
[Site "Reykjavik ISL"]
[Date "2022.04.10"]
[Round "7.74"]
[White "Haugen, Lars Tormod"]
[Black "Kartsev, Nikolay"]
[Result "0-1"]
[WhiteElo "1741"]
[BlackElo "2041"]
[WhiteFideId "1559966"]
[BlackFideId "12939536"]
[EventDate "2022.04.06"]

1. c4 e5 2. Nc3 Nc6 3. Nf3 Nf6 4. a3 a5 5. e3 Be7 6. b3 O-O 7. Bb2 Re8 8. Qc2 h6
9. d3 d5 10. cxd5 Nxd5 11. Be2 Be6 12. O-O f5 13. Nd2 Bf6 14. Na4 Bf7 15. Bf3
Nce7 16. g3 c6 17. e4 Nb6 18. Nc5 Qc7 19. Rad1 Rad8 20. Bg2 Nd7 21. Nxd7 Rxd7
22. exf5 Nxf5 23. Ne4 Be7 24. Rfe1 Nd4 25. Bxd4 Rxd4 26. b4 axb4 27. axb4 Bxb4
28. Re3 c5 29. Qe2 Qd7 30. g4 c4 31. Bh3 cxd3 32. Rexd3 Qb5 33. Qe3 Rxd3 34.
Rxd3 Bc4 35. Rd1 Qa4 36. Rc1 b5 37. g5 Qa3 38. Qxa3 Bxa3 39. Rd1 hxg5 40. Ra1
Be7 41. Ra7 Kf8 42. Ng3 g6 43. Bf1 Bxf1 44. Nxf1 Rb8 45. Nd2 b4 46. Nb3 Rb6 47.
Ra1 Kf7 48. Kg2 Ke6 49. Rd1 Rc6 50. Rd2 Rc3 51. Na5 g4 52. Kf1 b3 53. Rb2 Rc2
54. Rxb3 Bc5 55. h3 Rxf2+ 56. Ke1 Rf3 57. Rb5 gxh3 0-1

[Event "Kvika Reykjavik Open 2022"]
[Site "Reykjavik ISL"]
[Date "2022.04.10"]
[Round "7.75"]
[White "Omarsson, Adam"]
[Black "Steiner, Juraj"]
[Result "0-1"]
[WhiteElo "1740"]
[BlackElo "2028"]
[WhiteFideId "2311453"]
[BlackFideId "367516"]
[EventDate "2022.04.06"]

1. d4 d5 2. c4 e6 3. Nc3 c5 4. cxd5 exd5 5. e3 Nf6 6. g3 Nc6 7. dxc5 Bxc5 8. Bg2
O-O 9. Nxd5 Be6 10. Nxf6+ Qxf6 11. a3 Rfe8 12. Qc2 Ne5 13. f4 Nd3+ 14. Kf1 Rac8
15. Bxb7 Rc7 16. Be4 Bb6 17. Qa4 Nxc1 18. Ne2 Bb3 19. Qb4 Qxb2 20. Rxc1 Rxc1+
21. Nxc1 Rd8 0-1

[Event "Kvika Reykjavik Open 2022"]
[Site "Reykjavik ISL"]
[Date "2022.04.10"]
[Round "7.76"]
[White "White, Nigel"]
[Black "Grose, Kameron"]
[Result "1-0"]
[WhiteElo "2018"]
[BlackElo "1681"]
[WhiteFideId "455830"]
[BlackFideId "474010"]
[EventDate "2022.04.06"]

1. e4 c5 2. Nf3 d6 3. d4 cxd4 4. Nxd4 Nf6 5. Nc3 a6 6. Bg5 e6 7. f4 h6 8. Bh4
Qb6 9. Qd2 Nbd7 10. O-O-O Be7 11. Nf3 Nc5 12. Bd3 Qc7 13. Rhe1 b5 14. e5 Nfd7
15. Bxe7 Kxe7 16. exd6+ Qxd6 17. Qe3 Qc6 18. f5 Nxd3+ 19. Rxd3 Nc5 20. Rd5 Na4
21. Nd4 Qb7 22. fxe6 f6 23. Nf5+ Ke8 24. Nd6+ Kf8 25. e7+ Kg8 26. Nxb7 Bxb7 27.
Rd8+ Kh7 28. Qd3+ g6 29. Nxa4 bxa4 30. Rxh8+ Kxh8 31. e8=Q+ 1-0

[Event "Kvika Reykjavik Open 2022"]
[Site "Reykjavik ISL"]
[Date "2022.04.10"]
[Round "7.77"]
[White "Schultze, Joerg-Martin"]
[Black "Bulacio, Juan Manuel"]
[Result "1-0"]
[WhiteElo "1932"]
[BlackElo "1636"]
[WhiteFideId "12972070"]
[BlackFideId "20006330"]
[EventDate "2022.04.06"]

1. d4 d5 2. c4 dxc4 3. Nf3 Nf6 4. e3 e6 5. Bxc4 c5 6. O-O a6 7. Qe2 Nbd7 8. Rd1
Qc7 9. Nc3 b5 10. Bd3 Bb7 11. h3 Be7 12. Bd2 b4 13. Na4 cxd4 14. exd4 O-O 15. a3
a5 16. Rac1 Qd8 17. Nc5 Nxc5 18. dxc5 bxa3 19. bxa3 Rc8 20. Be3 Qc7 21. Nd4 e5
22. Nf5 Rfe8 23. Bb5 Bc6 24. a4 Nd5 25. Bd2 Bxb5 26. Nxe7+ Qxe7 27. Qxb5 e4 28.
Bxa5 Nf4 29. Bd2 Nd3 30. Rc2 Rxc5 31. Rxc5 Nxc5 32. Bb4 e3 33. Bxc5 exf2+ 34.
Bxf2 1-0

[Event "Kvika Reykjavik Open 2022"]
[Site "Reykjavik ISL"]
[Date "2022.04.10"]
[Round "7.78"]
[White "Kristinsson, Magnus"]
[Black "Schmidt, Kai-Uwe"]
[Result "1-0"]
[WhiteElo "1734"]
[BlackElo "1904"]
[WhiteFideId "2305682"]
[BlackFideId "4608755"]
[EventDate "2022.04.06"]

1. c4 c5 2. Nf3 Nc6 3. Nc3 e5 4. e3 Nf6 5. d4 cxd4 6. exd4 e4 7. d5 exf3 8. dxc6
dxc6 9. Qxf3 Bg4 10. Qe3+ Be7 11. h3 Be6 12. Be2 O-O 13. O-O Nd7 14. Rd1 Re8 15.
Qg3 Bh4 16. Qf4 Qf6 17. Ne4 Qxf4 18. Bxf4 Bf5 19. Nd6 Rxe2 20. Nxf5 Bxf2+ 21.
Kf1 Rae8 22. Rxd7 Bc5 23. Rd2 R2e4 24. Bg3 Bb4 25. Rd7 g6 26. Nd6 Bxd6 27. Rxd6
Rxc4 28. Rad1 Rc2 29. Rd8 Rf8 30. Be5 Rc5 31. Rxf8+ 1-0

[Event "Kvika Reykjavik Open 2022"]
[Site "Reykjavik ISL"]
[Date "2022.04.10"]
[Round "7.79"]
[White "Steiners, Emils"]
[Black "Hughes, Anthony"]
[Result "0-1"]
[BlackTitle "CM"]
[WhiteElo "1731"]
[BlackElo "1869"]
[WhiteFideId "11629991"]
[BlackFideId "1803093"]
[EventDate "2022.04.06"]

1. e4 c6 2. Nc3 d5 3. Nf3 Bg4 4. h3 Bxf3 5. Qxf3 dxe4 6. Nxe4 Nd7 7. d4 Ngf6 8.
Nxf6+ Nxf6 9. Be3 e6 10. Bd3 Be7 11. O-O O-O 12. Rfd1 Qd5 13. Qxd5 cxd5 14. Rac1
Rac8 15. c4 dxc4 16. Bxc4 Nd5 17. Bxd5 exd5 18. Kf1 Rfd8 19. Ke2 Kf8 20. Kd3 Ke8
21. Rxc8 Rxc8 22. Rc1 Rxc1 23. Bxc1 Bd6 24. g4 Ke7 25. f4 f5 26. gxf5 Kf6 27.
Ke3 Kxf5 28. Kf3 Bc7 29. Bd2 Bb6 30. Bc3 a6 31. b3 Ba7 32. Bb2 Bb8 33. Bc1 Bc7
34. Bd2 Bd6 35. a4 Ba3 36. Be3 Bb4 37. Bf2 Bd2 38. Bg3 Bc1 39. Bh2 Ba3 40. Bg3
Bd6 41. h4 h5 42. Bh2 Be7 43. Bg3 Bb4 44. Bf2 Bc3 45. Ke3 Kg4 46. Kd3 Bb4 47.
Ke3 Bd6 48. f5 Bf4+ 49. Ke2 Bg3 50. Bxg3 Kxg3 51. Ke3 Kg4 52. a5 Kxf5 0-1

[Event "Kvika Reykjavik Open 2022"]
[Site "Reykjavik ISL"]
[Date "2022.04.10"]
[Round "7.80"]
[White "Finnbogadottir, Tinna Kristin"]
[Black "Zamvar, Vipin"]
[Result "1/2-1/2"]
[WhiteElo "1848"]
[BlackElo "1620"]
[WhiteFideId "2300214"]
[BlackFideId "2403749"]
[EventDate "2022.04.06"]

1. d4 Nf6 2. Nf3 d5 3. e3 Bf5 4. c4 c6 5. Qb3 Qb6 6. c5 Qc7 7. Bd3 e6 8. Bxf5
exf5 9. Qc2 g6 10. Nc3 Nbd7 11. O-O Bg7 12. b4 O-O 13. a4 Ne4 14. Bb2 Nxc3 15.
Bxc3 a6 16. g3 Nf6 17. Kg2 Ne4 18. Rfb1 b5 19. Be1 h6 20. Ra2 Ra7 21. Rba1 Rfa8
22. Nd2 Nxd2 23. Bxd2 h5 24. Ra3 Bf6 25. Qa2 Qb7 26. Be1 1/2-1/2

[Event "Kvika Reykjavik Open 2022"]
[Site "Reykjavik ISL"]
[Date "2022.04.10"]
[Round "7.81"]
[White "Gupta, Anand"]
[Black "Thomas, Kenneth"]
[Result "1-0"]
[WhiteElo "1543"]
[BlackElo "1834"]
[WhiteFideId "30951739"]
[BlackFideId "2022761"]
[EventDate "2022.04.06"]

1. d4 Nf6 2. c4 e6 3. Nf3 d5 4. Nc3 Be7 5. Bf4 O-O 6. e3 b6 7. cxd5 Nxd5 8. Nxd5
exd5 9. Bd3 h6 10. O-O c5 11. Ne5 Bb7 12. Bxh6 gxh6 13. Qg4+ Bg5 14. Qf5 Kg7 15.
f4 Bh4 16. Qh7+ Kf6 17. Qxh6+ Ke7 18. Qxh4+ Ke8 19. Bb5+ 1-0

[Event "Kvika Reykjavik Open 2022"]
[Site "Reykjavik ISL"]
[Date "2022.04.10"]
[Round "7.83"]
[White "Moller, Tomas"]
[Black "Sigurthorsson, Kristinn J"]
[Result "1-0"]
[WhiteElo "1340"]
[BlackElo "1818"]
[WhiteFideId "2315343"]
[BlackFideId "2311585"]
[EventDate "2022.04.06"]

1. c4 Nf6 2. Nc3 g6 3. Nf3 Bg7 4. d4 d6 5. e4 O-O 6. Be2 b6 7. O-O Bb7 8. Qc2 c6
9. Bg5 Qc7 10. Rac1 a6 11. a4 Nbd7 12. Rfe1 Rfe8 13. h3 Rac8 14. Be3 Qb8 15. Qd2
b5 16. axb5 cxb5 17. cxb5 axb5 18. Bxb5 Red8 19. Bd3 Nb6 20. Qe2 h6 21. Nd2 Nbd7
22. f4 Nh5 23. Qf2 Ba8 24. Nf3 Qb3 25. Re2 Nhf6 26. Rec2 Rb8 27. Qe2 Nh5 28. Kh2
e5 29. Qd2 Re8 30. fxe5 dxe5 31. d5 Nf4 32. Bxf4 exf4 33. Qxf4 Ne5 34. Qd2 g5
35. Nxe5 Bxe5+ 36. Kh1 Bf4 37. Qd1 Bxc1 38. Qxc1 Re5 39. Qf1 Qb6 40. Rf2 Qg6 41.
Rf6 Qg7 42. Nb5 Re7 43. Qf2 Rc8 44. Kh2 Rc1 45. Qf5 g4 46. hxg4 Qg5 47. Qxg5+
hxg5 48. Rf5 Rd1 49. Rxg5+ Kf8 50. Be2 Rd2 51. Bf3 Rxb2 52. Nd6 f6 53. Rh5 Kg8
54. Rh6 Rh7 55. Rxh7 Kxh7 56. Kg3 Kg8 57. Kf4 Kf8 58. g5 fxg5+ 59. Kxg5 Ke7 60.
Nf5+ Kd8 61. Ng7 Bb7 62. Ne6+ Ke7 63. Kf4 Rb4 64. Ke5 Rb5 65. Bg4 Bc8 66. Bf5
Bd7 67. g4 Ra5 68. g5 Ra1 69. g6 Rg1 70. d6+ Ke8 71. Kf6 1-0

[Event "Kvika Reykjavik Open 2022"]
[Site "Reykjavik ISL"]
[Date "2022.04.10"]
[Round "7.85"]
[White "Labrovic, Jakov"]
[Black "Bryant, Harry"]
[Result "1/2-1/2"]
[WhiteElo "1806"]
[BlackElo "1425"]
[WhiteFideId "14549786"]
[BlackFideId "489158"]
[EventDate "2022.04.06"]

1. e4 c5 2. Nf3 d6 3. d4 cxd4 4. Nxd4 Nf6 5. Nc3 g6 6. Bc4 Bg7 7. O-O O-O 8. h3
Nc6 9. Be3 Bd7 10. Qd2 a6 11. a4 Qc7 12. Be2 Rac8 13. f4 Na5 14. Rad1 Nc4 15.
Bxc4 Qxc4 16. e5 dxe5 17. fxe5 Nd5 18. Nxd5 Qxd5 19. b3 Qxe5 20. Nf3 Qc3 21.
Qxc3 Rxc3 22. Rxd7 Rxe3 23. Rxb7 Rc8 24. c4 e6 25. Rd1 h6 26. Rdd7 Rf8 27. Nh4
Be5 28. Kf2 Rc3 29. Nf3 Bf4 30. Nd4 Be5 31. Nc6 Rc2+ 32. Kf3 Rc3+ 33. Ke2 Bf6
34. Nb8 e5 35. Nxa6 e4 36. Nc5 Bg5 37. a5 Rc2+ 38. Kd1 Rc1+ 39. Ke2 Rc2+ 40. Ke1
e3 41. g3 Rc1+ 42. Rd1 Rc2 43. Ne4 Re8 44. Nd6 Re6 45. h4 e2 46. hxg5 exd1=Q+
47. Kxd1 Ra2 48. Nxf7 Ree2 49. Nxh6+ Kh8 50. Rb8+ Kh7 51. Rb7+ Kh8 52. Rb8+ Kg7
53. Rg8+ Kh7 54. Rf8 1/2-1/2

[Event "Kvika Reykjavik Open 2022"]
[Site "Reykjavik ISL"]
[Date "2022.04.10"]
[Round "7.89"]
[White "Stefansson, Benedikt"]
[Black "Carlsson, Gustav"]
[Result "0-1"]
[WhiteElo "1493"]
[BlackElo "2008"]
[WhiteFideId "2312379"]
[BlackFideId "1734148"]
[EventDate "2022.04.06"]

1. e4 e6 2. d4 d5 3. Nd2 Nf6 4. e5 Nfd7 5. f4 c5 6. c3 Nc6 7. Ndf3 Qb6 8. a3 a5
9. b3 Be7 10. h4 h5 11. Nh3 g6 12. Nf2 Qc7 13. Be3 Rb8 14. Ng5 b5 15. g4 hxg4
16. Qxg4 Bxg5 17. fxg5 cxd4 18. cxd4 Ncxe5 19. Qd1 Qc3+ 20. Ke2 Qb2+ 21. Bd2
Qxd4 22. Bxa5 Qb2+ 23. Bd2 d4 24. Qb1 d3+ 25. Ke3 Nc4+ 26. bxc4 Qe5+ 27. Ne4
bxc4 28. Bc3 Qc7 29. Qe1 e5 30. Ba5 Qa7+ 31. Kf3 Bb7 32. Bg2 Bxe4+ 33. Qxe4 Qxa5
34. Qxc4 O-O 35. Qxd3 Nc5 36. Qd5 Qc3+ 37. Kg4 Rb3 38. Rh3 Qxa1 39. Rxb3 Nxb3
40. Qxb3 Qd4+ 41. Kg3 Rc8 0-1

[Event "Kvika Reykjavik Open 2022"]
[Site "Reykjavik ISL"]
[Date "2022.04.10"]
[Round "7.90"]
[White "Kewalramani, Abhir"]
[Black "Jonsson, Olafur Gisli"]
[Result "1-0"]
[WhiteElo "1474"]
[BlackElo "1847"]
[WhiteFideId "366196828"]
[BlackFideId "2302705"]
[EventDate "2022.04.06"]

1. d4 Nf6 2. c4 e6 3. Nc3 d5 4. Nf3 c6 5. Bg5 Nbd7 6. cxd5 exd5 7. e3 Be7 8. Bd3
O-O 9. Qc2 Re8 10. O-O Nf8 11. Rab1 Nh5 12. Bxe7 Qxe7 13. b4 b5 14. Ne5 Bb7 15.
Ne2 Qd6 16. Nc1 g6 17. Nb3 Nd7 18. Nxd7 Qxd7 19. Nc5 Qe7 20. Rfc1 Rac8 21. Rb3
Ba8 22. a4 bxa4 23. Ra3 f5 24. Qxa4 f4 25. e4 dxe4 26. Bxe4 Nf6 27. f3 Nxe4 28.
fxe4 Rf8 29. Qxa7 Rc7 30. Qa6 Bb7 31. Qc4+ Kh8 32. Ne6 Rcc8 33. Nxf8 Rxf8 34.
Qc5 Qf6 35. Qe5 Qxe5 36. dxe5 c5 37. bxc5 Bxe4 38. Ra7 Rc8 39. e6 Bf5 40. e7 Kg8
41. Rd1 Re8 42. Rd8 Kf7 43. c6 Rxe7 44. Rxe7+ Kxe7 45. c7 1-0

[Event "Kvika Reykjavik Open 2022"]
[Site "Reykjavik ISL"]
[Date "2022.04.10"]
[Round "7.91"]
[White "Shuey, Michael"]
[Black "Smith, Chris P"]
[Result "1-0"]
[WhiteElo "1838"]
[BlackElo "1454"]
[WhiteFideId "30957176"]
[BlackFideId "424617"]
[EventDate "2022.04.06"]

1. Nf3 f5 2. d4 Nf6 3. Bf4 g6 4. c4 Bg7 5. Nc3 O-O 6. e3 d6 7. Be2 b6 8. h3 Qe8
9. Nb5 Na6 10. Qb3 Kh8 11. Qa3 c6 12. Nc3 Qd7 13. c5 b5 14. b4 Nc7 15. O-O Ncd5
16. Bh2 Nxc3 17. Qxc3 dxc5 18. Qxc5 Ne4 19. Qc2 Bb7 20. Ne5 Qe6 21. a4 Qd5 22.
Bf3 Bxe5 23. Bxe5+ Kg8 24. Qd3 a6 25. Bd1 Ng5 26. Bb3 1-0

[Event "Kvika Reykjavik Open 2022"]
[Site "Reykjavik ISL"]
[Date "2022.04.10"]
[Round "7.92"]
[White "Koes, Richard"]
[Black "Omarsson, Josef"]
[Result "1/2-1/2"]
[WhiteElo "1807"]
[BlackElo "1352"]
[WhiteFideId "1020528"]
[BlackFideId "2316102"]
[EventDate "2022.04.06"]

1. Nc3 Nf6 2. e4 d6 3. d4 g6 4. f4 Bg7 5. Nf3 O-O 6. Be2 c5 7. d5 e6 8. O-O exd5
9. exd5 a6 10. a4 Bg4 11. h3 Bxf3 12. Bxf3 Nbd7 13. g4 Rb8 14. Qe1 b5 15. axb5
axb5 16. Qg3 b4 17. Ne2 Nb6 18. Qg2 Ra8 19. Rxa8 Qxa8 20. Rd1 Qa2 21. Ng3 Re8
22. f5 Nc4 23. g5 Nd7 24. f6 Bf8 25. b3 Ne3 26. Bxe3 Rxe3 27. Qf2 Re8 28. Be4
Qb2 29. Rd2 Ne5 30. Kg2 Qc3 31. Qf4 Nd7 32. Rf2 Qd4 33. h4 Ne5 34. Rd2 Qa1 35.
Rf2 Qd1 36. Kh3 Qa1 37. h5 Qc3 38. hxg6 hxg6 39. Kg2 Qb2 40. Rf1 Ra8 41. Rh1 Ra1
42. Nf1 Re1 43. Qh4 Re2+ 44. Kh3 Qc3+ 45. Ng3 Qe3 46. Rf1 Rd2 47. Qf4 Qc3 48.
Rf2 Rd1 49. Kg2 Qb2 50. Rf1 Rxf1 51. Nxf1 c4 52. Ne3 cxb3 53. Nd1 Qa1 54. cxb3
Qxd1 55. Qe3 Qg4+ 56. Kf2 Qh4+ 57. Ke2 Qh2+ 58. Kd1 Qa2 59. Bc2 Qa1+ 60. Ke2 Qh1
61. Be4 Qh5+ 62. Kd2 Ng4 63. Qf4 1/2-1/2

[Event "Kvika Reykjavik Open 2022"]
[Site "Reykjavik ISL"]
[Date "2022.04.10"]
[Round "7.93"]
[White "Putz, Philippe Marco"]
[Black "Banerjee, Aryan"]
[Result "1-0"]
[WhiteElo "1697"]
[BlackElo "1374"]
[WhiteFideId "16294190"]
[BlackFideId "1765035"]
[EventDate "2022.04.06"]

1. d4 e6 2. c4 Nf6 3. Nf3 d5 4. Nc3 c5 5. cxd5 Nxd5 6. e4 Nxc3 7. bxc3 cxd4 8.
cxd4 Bb4+ 9. Bd2 Bxd2+ 10. Qxd2 b6 11. Bc4 Bb7 12. Bb5+ Nd7 13. Ne5 Bc8 14. Bc6
Rb8 15. Qb4 Qe7 16. Qb5 Kd8 17. O-O Nxe5 18. dxe5 Qc5 19. Rfe1 Ke7 20. Rac1 Qxb5
21. Bxb5 Rd8 22. Rc7+ 1-0

[Event "Kvika Reykjavik Open 2022"]
[Site "Reykjavik ISL"]
[Date "2022.04.10"]
[Round "7.94"]
[White "Marzik, Arne"]
[Black "Adavatkar, Rugved"]
[Result "0-1"]
[WhiteElo "1446"]
[BlackElo "1652"]
[WhiteFideId "16254678"]
[BlackFideId "1055011"]
[EventDate "2022.04.06"]

1. d4 d5 2. Nf3 Nf6 3. c4 c6 4. g3 e6 5. Bg2 dxc4 6. O-O Nbd7 7. Nbd2 b5 8. a4
Bb7 9. b3 c3 10. Nb1 b4 11. Bf4 c5 12. Qd3 Rc8 13. dxc5 Bxc5 14. Bd6 Bd5 15. Qa6
Rc6 0-1